Egyptian Gods of the Underworld - Statistics

General Stats
  • This quiz has been taken 25 times
  • The average score is 4 of 7
Answer Stats
Picture Answer % Correct
Anubis
100%
Osiris
85%
Isis
69%
Thoth
69%
Ammit
62%
Hathor
31%
Taweret
15%
No matching quizzes found
Score Distribution
Percent of People with Each Score
Percentile by Number Answered
Your Score History
You have not taken this quiz